000 00668nam a2200205 i 4500
001 101516
003 ES-MaACL
005 20250822100421.0
007 t|
008 051019s1960 sp ||||1| spa d
100 1 _aMead, Shepherd.
_979622
245 1 0 _aCómo triunfar de las mujeres sin proponérselo /
_cShepherd Mead ; [traducción de Carlos Paytuvi].
260 _aBarcelona :
_bG.P.,
_c1960.
300 _a128 p. ;
_c17 cm.
490 1 _aLibros de humor "El Gorrión" ;
_v71
700 1 _aPaytuví de Sierra, Carlos.
_989742
830 1 0 _aLibros de humor "El Gorrión"
_v71
_9181844
852 4 _aES-MaACL
_jC-17183
999 _c101516
_d101516